| Поле | Название | Значение |
| |
Тип записи |
a |
| |
Библиографический уровень |
m |
| 001 |
Контрольный номер |
RU/IS/BASE/319130510 |
| 005 |
Дата корректировки |
20201206204714.4 |
| 010 |
Индекс ISBN |
__ |
| a |
ISBN |
978-5-282-02816-4 (В пер.) |
| d |
Цена |
302-22 |
| 100 |
Данные общей обработки |
__ |
| a |
Данные общей обработки |
19080404d2008 |||y0rusy0189 ca |
| 101 |
Язык документа |
__ |
| a |
Язык текста |
rus |
| 102 |
Страна публикации |
__ |
| a |
Страна публикации |
RU |
| 105 |
Кодированные данные (монография) |
__ |
| a |
Кодированные данные (монография) |
y zzzz000zy |
| 200 |
Заглавие и сведения об ответственности |
1_ |
| a |
Заглавие |
Социальная защита работника: жизнь, здоровье, деловая репутация |
| e |
Сведения, относящиеся к заглавию |
учеб. пособие для студентов высш. учеб. заведений |
| f |
Первые сведения об ответственности |
М. В. Дулясова, Т. Р. Ханнанова |
| b |
Общее обозначение материала |
Текст |
| 210 |
Выходные данные |
__ |
| a |
Место издания |
М. |
| c |
Издательство |
Экономика |
| d |
Дата издания |
2008 |
| 215 |
Физическое описание |
__ |
| a |
Объем |
397, [2] с. |
| c |
Иллюстрации/тип воспроизводства |
ил., портр., табл. |
| 225 |
Серия |
__ |
| a |
Серия |
Высшее образование |
| 300 |
Общие примечания |
__ |
| a |
Общие примечания |
В конце кн. авт.: Дулясова М. В., к.т.н., д.э.н., проф., Ханнанова Т. Р., к.ю.н., проф. |
| 320 |
Библиография |
__ |
| a |
Библиография |
Лит.: с. 393-398 (126 назв.) |
| 330 |
Аннотация |
__ |
| a |
Аннотация |
Изучаются проблемы компенсации ущерба, причиненного жизни, здоровью и деловой репутации работника. В доступной форме излагаются сложные теоретические и практические аспекты социальной защиты жизни, здоровья и деловой репутации работника в процессе труда; значение и функции компенсации морального ущерба работнику, методы его оценки в современной российской экономике и в международной практике; правовые основы возмещения морального ущерба в рамках трудовых отношений; понятие деловой репутации работника как объекта социальной защиты. |
| 606 |
Тематические рубрики |
__ |
| a |
Основная рубрика |
Право |
| 606 |
Тематические рубрики |
__ |
| a |
Основная рубрика |
Право социального обеспечения |
| 606 |
Тематические рубрики |
__ |
| a |
Основная рубрика |
Социальная защита. Социальная работа |
| 606 |
Тематические рубрики |
__ |
| a |
Основная рубрика |
Теория социальной работы |
| y |
Географическая подрубрика |
Российская Федерация; Россия; РФ |
| 610 |
Ключевые слова |
__ |
| a |
Ключевые слова |
социальные институты; социальное благосостояние; социальная защита; репутация; деловая репутация; жизнь; здоровье; гуманизация труда; правовое регулирование; моральный ущерб; компенсации морального ущерба; российская экономика; виды ущерба; классификация ущерба; потеря здоровья; судебная практика; потеря деловой репутации; возмещение морального ущерба; моральный вред; оценка морального ущерба; методические рекомендации |
| 686 |
Индексы других классификаций |
__ |
| a |
Классификационный индекс |
67.405.2(2Рос)я73 |
| 686 |
Индексы других классификаций |
__ |
| a |
Классификационный индекс |
60.9(2Рос)я73 |
| 700 |
Автор |
_1 |
| a |
Фамилия |
Дулясова |
| b |
Имя |
М. В. |
| g |
Полное личное имя |
Марина Веденеевна |
| 4 |
Код отношения |
070 |
| 702 |
Вторичная интеллектуальная ответственность |
_1 |
| a |
Фамилия |
Ханнанова |
| b |
Имя |
Т. Р. |
| 4 |
Код отношения |
Автор |
| g |
Полное личное имя |
Татьяна Рашитовна |
| 801 |
Источник записи |
_0 |
| a |
Страна |
RU |
| b |
Организация |
Муниципальное бюджетное учреждение культуры "Централизованная библиотечная система" г. Сургут (Центральная городская библиотека им. А. С. Пушкина) |
| c |
Дата составления |
20080404 |
| g |
Правила каталогизации |
КиК/Поспелова |
| 801 |
Источник записи |
_1 |
| a |
Страна |
RU |
| b |
Организация |
Муниципальное бюджетное учреждение культуры "Централизованная библиотечная система" г. Сургут (Центральная городская библиотека им. А. С. Пушкина) |
| c |
Дата составления |
20080404 |
| g |
Правила каталогизации |
КиК/Поспелова |
| 852 |
Данные о местонахождении |
__ |
| j |
Шифр хранения |
67.405.2(2Рос)я73 |
| c |
Каталожный индекс |
67.405.2(2Рос)я73; 60.9(2Рос)я73 |
| i |
Авторский знак |
Д 81 |
| 901 |
Тип документа |
__ |
| t |
Тип документа |
m |
| 903 |
Характеристики (МАРС) |
__ |
| a |
Дата передачи |
20100210 |
| 969 |
Тип издания |
__ |
| a |
Тип издания |
учебное пособие |
| 990 |
Данные о заказе (DOS) |
__ |
| j |
Количество экземпляров (DOS) |
4 |
| t |
N записи в КСУ для И/У (DOS) |
201002 |